Sociedad en participación de don Domingo de Respaldiza y Compañía, titulada La Entelequia Industrial, fundada en Valladolid... / (Record no. 192569)

MARC details
000 -LEADER
campo de control de longitud fija 00967nam a2200217 i 4500
001 - NÚMERO DE CONTROL
campo de control 192569
003 - IDENTIFICADOR DE NÚMERO DE CONTROL
campo de control ES-MaACL
005 - FECHA Y HORA DE LA ÚLTIMA TRANSACCIÓN
campo de control 20250813233233.0
008 - DATOS DE LONGITUD FIJA--INFORMACIÓN GENERAL
campo de control de longitud fija 230131s1870 sp 000 0 spa d
080 ## - NÚMERO DE LA CLASIFICACIÓN DECIMAL UNIVERSAL
Número de la Clasificación Decimal Universal 621.4
100 1# - ENTRADA PRINCIPAL--NOMBRE DE PERSONA
Nombre de persona Respaldiza, Domingo de.
9 (RLIN) 176332
245 10 - MENCIÓN DEL TÍTULO
Título Sociedad en participación de don Domingo de Respaldiza y Compañía, titulada La Entelequia Industrial, fundada en Valladolid... /
Mención de responsabilidad, etc. Domingo de Respaldiza.
260 ## - PUBLICACIÓN, DISTRIBUCIÓN, ETC.
Lugar de publicación, distribución, etc. Valladolid :
Nombre del editor, distribuidor, etc. [s.n.],
Fecha de publicación, distribución, etc. 1870.
300 ## - DESCRIPCIÓN FÍSICA
Extensión 10 p. ;
Dimensiones 20 cm.
594 ## - Nota al título y mención de responsabilidad
Nota al título y mención de responsabilidad Tít. tomado de p. 5; ; autor consta en p.4 y p. 10
594 ## - Nota al título y mención de responsabilidad
Nota al título y mención de responsabilidad Precede al tít., en p.1: Sr. D.[irector del Ateneo Científico... (ms.)] Valladolid 1º de abril de 1870
594 ## - Nota al título y mención de responsabilidad
Nota al título y mención de responsabilidad En p. 5: Esta sociedad, tiene por objeto hacer... los nuevos motores llamados entelequiágenos...
650 #7 - PUNTO DE ACCESO ADICIONAL DE MATERIA--TÉRMINO DE MATERIA
Término de materia o nombre geográfico como elemento de entrada Motores
Fuente del encabezamiento o término embne
9 (RLIN) 159468
852 4# - LOCALIZACIÓN
Ubicación ES-MaACL
Número de control de estantería T-134-F-5
Nota libre - Enc. en un vol. facticio, falto de cub. original
Holdings
Estatus retirado Estado de pérdida Estado de daño No para préstamo Colección Biblioteca de origen Biblioteca actual Ubicación en estantería Fecha de adquisición Fuente de adquisición Total de préstamos Signatura topográfica completa Código de barras Visto por última vez Precio de reemplazo Tipo de ítem Koha
        Colección de folletos Biblioteca del Ateneo de Madrid Biblioteca del Ateneo de Madrid Depósito folletos 31/01/2023     T-134-F-5 1205163 23/02/2023 23/02/2023 Folleto